| 000 | 00502nam a2200181Ia 4500 | ||
|---|---|---|---|
| 003 | GCL | ||
| 008 | 140319s9999 xx 000 0 eng d | ||
| 040 |
_aGCL / _cGCL |
||
| 082 | 0 | 4 |
_a613.69 _bD M |
| 100 | 1 | _aDALTON, A. MANK | |
| 245 | 1 | 0 |
_aMULTIPLE - CHOICE QUESTIONS IN ACCIDENT AND EMERGENCY: WITH EXPLANATORY ANSWERS / _cDALTON, A. MANK |
| 260 |
_a[S.N] : _bMACMILIAN ، _c1992 |
||
| 300 | _a129 P | ||
| 650 | 0 | 4 | _aPHARMACOLOGY |
| 650 | 0 | 4 | _aPSYCHIATRY |
| 650 | 0 | 4 | _aACCIDENTS |
| 942 |
_2ddc _cBK |
||
| 999 |
_c20871 _d20871 |
||